000 00536nab a2200157Ia 4500
003 ES-SlBCS
005 20210601144418.0
008 140529s1993 xxu||||| |||| 00| 0 spa d
041 _aspa
100 1 _aHowe, Kenneth R.
_9139552
245 0 0 _aCriterios de investigación cualitativa (y cuantitativa). Prolegómenos
_c Kenneth R. Howe, Margaret Eisenhart
650 0 4 _aInvestigación-Criterios
_9300069
700 1 _aEisenhart, Margaret
_9300070
773 0 _tRevista de Educacion
_gnº. 300, 1993, págs. 173-190
_wRev360
942 _cAR
999 _c708231
_d708231